000 00372nam a2200145Ia 4500
008 231129s1993||||xx |||||||||||||| ||spa||
020 _a958-612-150-X
040 _bspa
082 _aCo862 V862r
100 _aViviescas Monsalve Victor Raul
245 0 _aRuleta rusa
260 _c1993
264 _aColcultura
942 _2ddc
_cBKS
999 _c24210
_d24210